000 01447nam1a2200301 i 4500
001 RU\NLR\bibl\49039
005 20260405061603.0
035 _a(NLR Aleph) 000047831
090 _a254511
_c254511
100 _a19990923g19999999k y0rusy50 ca
101 0 _arus
102 _aRU
105 _ac |||||||||
200 1 _aРусские патриархи ХХ века
_eСудьбы Отечества и Церкви на страницах арх. док.
_fМ.И. Одинцов
_gРос. акад. гос. службы при Президенте Рос. Федерации
210 _aМ.
_cИзд-во РАГС
_d1999
215 _d21
300 _aНа тит. л.: К двухтысячелетию христианства
463 0 _100152972
600 1 _aСергий
_cСтарогородский, Иван Николаевич; патриарх Московский и всея Руси
_f1867 - 1944
_92096776
_3RU\NLR\auth\661268573
600 0 _aТихон
_cпатриарх Московский и всея Руси
_f1865 - 1925
_91720376
_3RU\NLR\auth\661064855
686 _aЭ372.24-601.1
700 1 _4070
_8rus
_7ca
_aОдинцов
_bМ.И.
_f1949 -
_gМихаил Иванович
_3RU\NLR\auth\7720581
_93649
801 0 _aRU
_bNLR
_c19990923
_gPSBO
801 1 _aRU
_bNLR
_c19990923
852 _aNLR
_j99-5/3104
942 _cBOOK